000 00423nam a22001817a 4500
003 MPLRDC
005 20220104142918.0
008 210129b ||||| |||| 00| 0 eng d
082 _a490.8 SYR v.44
100 _a丘山编译
245 _a怎样开好会议
_c
250 _a再版
260 _a
_b国家出版社
_c1982
300 _b
490 _a生意人丛刊;44
650 _a
942 _cBK
_o490.8 SYR v.44
999 _c34815
_d34805